Mammals- Sudden Death - Statistics

General Stats
  • This quiz has been taken 216 times
  • The average score is 8 of 18
Answers on the Grid
Answers color-coded by a green-red scale on the quiz's grid according to % correct below.
Human
Aye-aye
Kinkajou
Stoat
Quokka
Dolphin
Blue Whale
Bonobo
Okapi
Serval
Peccary
Tapir
Sugar Glider
Platypus
Echidna
Hyrax
Narwhal
Nutria
Mudskipper
Woollybear
Nematode
Tardigrade
Kookaburra
Cassowary
Whale Shark
Grouper
Gila Monster
Jungle Nymph
Shrike
Sheepshead
 
Answer Stats
Answer % Correct
Human
68%
Blue Whale
63%
Tapir
62%
Dolphin
59%
Platypus
54%
Narwhal
52%
Okapi
50%
Bonobo
48%
Echidna
48%
Quokka
45%
Stoat
42%
Aye-aye
39%
Sugar Glider
39%
Serval
35%
Hyrax
33%
Peccary
31%
Nutria
30%
Kinkajou
26%
No matching quizzes found
Score Distribution
Percent of People with Each Score
Percentile by Number Answered
Your Score History
You have not taken this quiz